[Event "Titled Tuesday intern op 20th Aug Late"]
[Site "Chess.com INT"]
[Date "2024.08.20"]
[Round "11"]
[White "Aarav, Dengla"]
[Black "Erzhanov, Arman"]
[Result "1-0"]
[WhiteElo "2390"]
[BlackElo "2114"]
[PlyCount "61"]
[EventDate "2024.08.20"]
[EventType "swiss (blitz)"]
[EventRounds "11"]
[EventCountry "USA"]
[SourceTitle "EXT 2025"]
[Source "ChessBase"]
[SourceDate "2024.10.14"]
[SourceVersion "1"]
[SourceVersionDate "2024.10.14"]
[SourceQuality "1"]

1. e4 d6 2. d4 Nf6 3. Nc3 c6 4. Nf3 Bg4 5. Be2 e6 6. 0-0 d5 7. Bg5 Be7 8. e5 Nfd7 9. Bxe7 Qxe7 10. Nd2 Bxe2 11. Qxe2 0-0 12. f4 a6 13. a3 c5 14. Nf3 Nc6 15. Rad1 Rac8 16. Kh1 cxd4 17. Nxd4 Nxd4 18. Rxd4 Nb6 19. g4 Nc4 20. f5 Qg5 21. Qe1 Qe3 22. Qxe3 Nxe3 23. Rf2 Nxg4 24. Rxg4 Rfd8 25. Rfg2 g6 26. fxe6 fxe6 27. Rf4 d4 28. Ne4 Kg7 29. Nd6 Rc7 30. Rxd4 b5 31. Nf5+ 1-0

[Event "Titled Tuesday intern op 20th Aug Late"]
[Site "Chess.com INT"]
[Date "2024.08.20"]
[Round "9"]
[White "Erzhanov, Arman"]
[Black "Robson, Ray"]
[Result "0-1"]
[WhiteElo "2114"]
[BlackElo "2700"]
[PlyCount "62"]
[EventDate "2024.08.20"]
[EventType "swiss (blitz)"]
[EventRounds "11"]
[EventCountry "USA"]
[SourceTitle "EXT 2025"]
[Source "ChessBase"]
[SourceDate "2024.10.14"]
[SourceVersion "1"]
[SourceVersionDate "2024.10.14"]
[SourceQuality "1"]

1. e4 c5 2. Nf3 d6 3. Bb5+ Bd7 4. Bxd7+ Nxd7 5. 0-0 e6 6. b3 Be7 7. Bb2 Bf6 8. c3 Ne7 9. d4 0-0 10. Re1 cxd4 11. cxd4 Nc6 12. Nbd2 d5 13. e5 Be7 14. Nb1 b5 15. Nc3 a6 16. Rc1 Rc8 17. Qd3 Qa5 18. h4 h6 19. g4 Ba3 20. Bxa3 Qxa3 21. Qb1 f6 22. Qg6 Qe7 23. Kg2 fxe5 24. dxe5 Rxf3 25. Nxd5 Qf7 26. Qe4 Rxf2+ 27. Kg1 exd5 28. Qe3 Ndxe5 29. Qxe5 Nxe5 30. Rxc8+ Kh7 31. Rxe5 Qf3 0-1

[Event "Titled Tuesday intern op 20th Aug Late"]
[Site "Chess.com INT"]
[Date "2024.08.20"]
[Round "4"]
[White "Kukhmazov, Arsen"]
[Black "Erzhanov, Arman"]
[Result "0-1"]
[WhiteElo "2480"]
[BlackElo "2114"]
[PlyCount "126"]
[EventDate "2024.08.20"]
[EventType "swiss (blitz)"]
[EventRounds "11"]
[EventCountry "USA"]
[SourceTitle "EXT 2025"]
[Source "ChessBase"]
[SourceDate "2024.10.14"]
[SourceVersion "1"]
[SourceVersionDate "2024.10.14"]
[SourceQuality "1"]

1. Nf3 d6 2. g3 e5 3. Bg2 Nc6 4. Nc3 g6 5. d4 Bg7 6. dxe5 dxe5 7. Qxd8+ Nxd8 8. 0-0 Ne7 9. Rd1 a6 10. a4 0-0 11. Nd2 Be6 12. Nde4 Bc8 13. Nc5 Rb8 14. Nd7 Bxd7 15. Rxd7 Nec6 16. e3 Ne6 17. Bxc6 bxc6 18. Kf1 Rfd8 19. Rxd8+ Rxd8 20. Ke2 f5 21. Bd2 e4 22. Nd1 Ng5 23. h4 Nf3 24. Ba5 Rd5 25. Be1 Rc5 26. Bc3 Rd5 27. Be1 Rc5 28. Rc1 Ne5 29. Bc3 Nf3 30. Bxg7 Kxg7 31. Nc3 Kf7 32. Rd1 Ke7 33. h5 g5 34. h6 Re5 35. Rh1 Re6 36. Rh5 Kf7 37. Rh1 Kg6 38. Rd1 Rd6 39. Rh1 Ne5 40. Kf1 Rd2 41. Kg2 Ng4 42. Nd1 Rxc2 43. b3 Nxh6 44. Kf1 Ng4 45. Ke1 h5 46. b4 Ra2 47. a5 Ra4 48. Ke2 Rxb4 49. f3 exf3+ 50. Kxf3 Rb3 51. Ke2 Ra3 52. Nb2 Ra2 53. Rb1 Ne5 54. Kf1 Rxa5 55. Nd1 Rb5 56. Rc1 c5 57. Nf2 c4 58. Ra1 a5 59. Ke2 h4 60. gxh4 gxh4 61. Rg1+ Kh5 62. Nh3 Rb2+ 63. Kd1 Rb1+ 0-1

[Event "Titled Tuesday intern op 13th Aug Late"]
[Site "Chess.com INT"]
[Date "2024.08.13"]
[Round "7"]
[White "Zhou, Qiyu"]
[Black "Erzhanov, Arman"]
[Result "0-1"]
[WhiteElo "2201"]
[BlackElo "2114"]
[PlyCount "122"]
[EventDate "2024.08.13"]
[EventType "swiss (blitz)"]
[EventRounds "11"]
[EventCountry "USA"]
[SourceTitle "EXT 2025"]
[Source "ChessBase"]
[SourceDate "2024.10.14"]
[SourceVersion "1"]
[SourceVersionDate "2024.10.14"]
[SourceQuality "1"]

1. e4 d6 2. d4 Nf6 3. Nc3 c6 4. h3 e5 5. Nf3 Nbd7 6. Be3 b5 7. a3 a5 8. Bd3 Bb7 9. 0-0 b4 10. axb4 axb4 11. Rxa8 Qxa8 12. Ne2 Be7 13. Ng3 g6 14. c3 bxc3 15. bxc3 0-0 16. Bh6 Re8 17. Qd2 Bf8 18. Be3 exd4 19. cxd4 c5 20. d5 c4 21. Bc2 Ba6 22. Qc3 Qb7 23. Bd4 Bg7 24. Rb1 Qc7 25. Ra1 Bb5 26. Ra7 Qb8 27. Qa5 Rc8 28. Bc3 Nc5 29. Qa1 Ne8 30. Bxg7 Nxg7 31. Ng5 Be8 32. Re7 Rc7 33. Qf6 Rxe7 34. Qxe7 h6 35. Nf3 Qb2 36. Qxd6 Qxc2 37. Qxc5 c3 38. Kh2 Qd3 39. Nf1 Qxf1 40. Qxc3 Qxf2 41. d6 Qa7 42. Qd3 Ne6 43. e5 Qa4 44. Nd2 Qf4+ 45. Kg1 Qxe5 46. d7 Qc5+ 47. Kh2 Bxd7 48. Qxd7 Qe5+ 49. Kg1 Kg7 50. Qd3 Nf4 51. Qf1 Qg5 52. Nf3 Qg3 53. Kh1 h5 54. Nh2 Nd3 55. Qf3 Nf2+ 56. Kg1 Nxh3+ 57. Kh1 Qe1+ 58. Nf1 Nf2+ 59. Kg1 Ng4 60. Qf4 Qa1 61. Qd2 Qe5 0-1

[Event "FIDE World Bl Team Pool A"]
[Site "Almaty"]
[Date "2024.08.05"]
[Round "1.3"]
[White "Erzhanov, Arman"]
[Black "Duda, Jan Krzysztof"]
[Result "0-1"]
[WhiteElo "2114"]
[BlackElo "2733"]
[PlyCount "76"]
[EventDate "2024.08.05"]
[EventType "team (blitz)"]
[EventRounds "7"]
[EventCountry "KAZ"]
[SourceTitle "CBM 221 Extra"]
[Source "ChessBase"]
[SourceDate "2024.09.30"]
[SourceVersion "1"]
[SourceVersionDate "2024.09.30"]
[SourceQuality "1"]
[WhiteTeam "Kyrgyz Chess Academy"]
[BlackTeam "Wadim Rosenstein Team"]
[WhiteTeamCountry "KGZ"]
[BlackTeamCountry "GER"]

1. e4 c6 2. d4 d5 3. exd5 cxd5 4. Bd3 Nc6 5. c3 Qc7 6. h3 Nf6 7. Nf3 g6 8. 0-0 Bf5 9. Be2 e6 10. Re1 h5 11. Bg5 Ne4 12. Be3 f6 13. Nbd2 g5 14. Nxe4 Bxe4 15. Nd2 Bg6 16. Nf1 0-0-0 17. Rc1 Kb8 18. Bd3 Bf5 19. Qc2 Qh7 20. Bxf5 exf5 21. Bd2 Qd7 22. Ne3 f4 23. Nf5 f3 24. g3 Ne7 25. Rxe7 Bxe7 26. Qd3 g4 27. h4 Ka8 28. Bf4 Rde8 29. b4 Bd8 30. Ne3 Bb6 31. b5 Re4 32. a4 Rhe8 33. Ra1 Bc7 34. Bxc7 Qxc7 35. a5 Rxe3 36. fxe3 Qxg3+ 37. Kf1 Qg2+ 38. Ke1 f2+ 0-1

[Event "FIDE World Bl Team Pool A"]
[Site "Almaty"]
[Date "2024.08.05"]
[Round "3.15"]
[White "Erzhanov, Arman"]
[Black "Hong, Andrew Z"]
[Result "0-1"]
[WhiteElo "2114"]
[BlackElo "2572"]
[PlyCount "92"]
[EventDate "2024.08.05"]
[EventType "team (blitz)"]
[EventRounds "7"]
[EventCountry "KAZ"]
[SourceTitle "CBM 221 Extra"]
[Source "ChessBase"]
[SourceDate "2024.09.30"]
[SourceVersion "1"]
[SourceVersionDate "2024.09.30"]
[SourceQuality "1"]
[WhiteTeam "Kyrgyz Chess Academy"]
[BlackTeam "GMHans.com"]
[WhiteTeamCountry "KGZ"]
[BlackTeamCountry "USA"]

1. e4 c5 2. Nf3 d6 3. d4 cxd4 4. Qxd4 Nc6 5. Qe3 g6 6. h3 Bg7 7. Be2 Nf6 8. 0-0 0-0 9. Rd1 Nd7 10. c4 a5 11. Nc3 a4 12. Rb1 Qa5 13. Bd2 Qc5 14. Qxc5 Nxc5 15. Bf1 Bxc3 16. Bxc3 Nxe4 17. Be1 Bf5 18. Nh4 Be6 19. Rbc1 Rfc8 20. Nf3 f5 21. Nd4 Nxd4 22. Rxd4 b5 23. b3 axb3 24. axb3 Ra3 25. Rb1 bxc4 26. bxc4 Ra4 27. Rb7 Kf7 28. f3 Nc5 29. Rb1 Nd7 30. Rc1 Nb6 31. Bh4 Bxc4 32. Bxc4+ Raxc4 33. Rdxc4 Rxc4 34. Rxc4 Nxc4 35. Bf2 e5 36. Kf1 d5 37. Ke2 Ke6 38. Bc5 d4 39. Kd3 Kd5 40. Bf8 e4+ 41. fxe4+ fxe4+ 42. Ke2 d3+ 43. Ke1 e3 44. Bh6 d2+ 45. Ke2 Nb2 46. Kxe3 d1Q 0-1